| 000 | 00399nam a22001457a 4500 | ||
|---|---|---|---|
| 003 | LK-CoDNM | ||
| 005 | 20240903144716.0 | ||
| 008 | 240903b |||||||| |||| 00| 0 eng d | ||
| 040 |
_aLK-CoDNM _dLK-CoDNM _eLK-CoDNM |
||
| 080 | _b 1914 | ||
| 245 | _aBronze from Ceylon, chiefly in the Colombo museum | ||
| 260 |
_aColombo _bGovernment printers _c1914 |
||
| 300 | _b30p. : ill ; 28 cm | ||
| 942 | _cBK | ||
| 999 |
_c150799 _d150799 |
||